| 000 | 00709nam a22001697a 4500 | ||
|---|---|---|---|
| 999 |
_c371300 _d371300 |
||
| 008 | 201127b ||||| |||| 00| 0 eng d | ||
| 040 |
_aDE-2950 _bger _cDE-2950 _erda |
||
| 041 | _ager | ||
| 245 |
_aTrauer um Christa Friedemann. _bNachruf: Die erste Leiterin des Arbeitsamtes in Frankfurt (Oder) nach der Wende ist im Alter von 86 Jahren verstorben. _cjko. |
||
| 264 | _c2021 | ||
| 653 | _aFriedemann, Christa; Leiterin Arbeitsamt Frankfurt (Oder) 1935 - 21.12.2021 | ||
| 773 |
_dFrankfurt (Oder) Märkisches Verlags- und Druckhaus GmbH & Co KG _tMärkische Oderzeitung _g33. Jahrgang (2022) Nr. 2 vom 04.01.2022, S. 16 |
||
| 942 | _cA | ||